|
|
|
|
| LEADER |
00900nam a2200217 a 4500 |
| 008 |
141217s1999 enka 000 0 eng d |
| 020 |
|
|
|a 9840514865
|
| 040 |
|
|
|a BD-DhAAL
|c BD-DhAAL
|
| 082 |
0 |
0 |
|a 954.92
|2 21
|
| 999 |
|
|
|c 33307
|d 33307
|
| 999 |
|
|
|c 2955
|
| 245 |
1 |
0 |
|a Bangladesh.:
|b Documents /
|c edited by Sheelendra Kumar Singh .......[et..al]
|
| 260 |
|
|
|a Dhaka :
|b University Press.
|c 1999
|
| 300 |
|
|
|a xxxviii, 711 p. :
|b ill.
|c 24 c.m.
|
| 541 |
1 |
|
|e 7427
|
| 650 |
|
0 |
|a Bangladesh
|9 6837
|
| 700 |
1 |
|
|a Sing, Sheelendra Kumar.
|9 6838
|
| 852 |
4 |
|
|a Ayesha Abed Library
|j General shelf
|
| 942 |
|
|
|2 ddc
|c BK
|
| 952 |
|
|
|0 0
|1 0
|2 ddc
|4 0
|6 954_920000000000000_BAN
|7 0
|9 44483
|a BRACUL
|b BRACUL
|c GEN
|d 2014-12-17
|l 0
|o 954.92 BAN
|p 3010007427
|r 2014-12-17
|t 1
|w 2014-12-17
|y BK
|
| 952 |
|
|
|0 0
|1 0
|2 ddc
|4 0
|6 954_920000000000000_BAN
|7 0
|9 54605
|a SCL
|b SCL
|c GEN
|d 2015-06-30
|l 4
|o 954.92 BAN
|p 3020002515
|r 2025-03-05
|s 2025-02-25
|t 2
|w 2015-06-30
|y BK
|